000 01307nam0a2200337 4500
001 RU\NLR\BIBL_A\016333273
005 20260204000000.0
035 _a(NLR Aleph) 016333273
090 _a13067448
_c13067448
100 _a20230404d1972 u y0rusy50 ca
101 0 _aind
_arus
102 _aRU
105 _aa z 000gy
135 _acrcn 024anaba
200 1 _aSri surya menjahit baju. Lagu-lagu rakyat Litwa
_dШило солнышко рубашку. Литовские народные песенки
_gРис. Т. Бальчюнене, пер. Сарасвати
_zrus
210 _aMoskwa
_cPenerbit Progress
_d[1972]
215 _a10 с.
_d28 см.
325 _aКопия доступна в Электрон. б-ке РНБ
702 1 _aБальчюнене
_bТ.
_gТатьяна
_4040
702 1 _aSaraswati
_4730
852 _aNLR
_bОЛСАА-индонез
_j4-24
856 0 _uhttps://vivaldi.nlr.ru/bx000037725/view
856 1 _uhttps://vivaldi.nlr.ru/bx000037725/cover
856 2 _uhttps://vivaldi.nlr.ru/bx000037725/text
942 _cBOOK
980 1 _aINDZ
980 _aNB
981 2 3 _a(23) Национальные литературы
_b(23) Книги ОЛСАА